Côtes-d'Armort subite - Statistiques

Statistiques générales
  • Ce quiz a été pris 38 fois
  • Le résultat moyen est 8 sur 18
Answers on the Grid
Answers color-coded by a green-red scale on the quiz's grid according to % correct below.
Dijon
Viseu
Lorient
Le stade de Roudourou
Perros-Guirec
Un lieu occupé par les Prussiens en 1815
Dinard
Saint-Malo
La Côte de Granit Rose
Craigavon
Broons
Gommenec'h
Loudéac
Lannion
Oradea
Pleven
Roscoff
Guingamp
Tanga
Ranchi
Saint-Prest
Lézardrieux
Courseulles-sur-Mer
Les Costarmoricains
Dinan
Paimpol
Un point sous le niveau de la mer
Un aéroport international
Saint-Brieuc
Coatascorn
Morlaix
Sumbe
Langoat
Kermaria-Sulard
Banjarmasin
Une algue verte fatale
 
Statistiques - réponses
Réponse % Correct
Perros-Guirec
85%
Lannion
74%
La Côte de Granit Rose
70%
Guingamp
67%
En avant de Guingamp Le stade de Roudourou
63%
Saint-Brieuc
63%
Loudéac
56%
Paimpol
52%
Les habitants Les Costarmoricains
48%
En 2009, quelques chiens et un cheval sont mort à cause de l'émission d'hydrogène sulfuré provenant d'un type d'algue sur des plages ici Une algue verte fatale
48%
Broons
33%
Dinan
33%
Gommenec'h
26%
Lézardrieux
26%
Langoat
22%
Kermaria-Sulard
19%
Dinan, 1815-1818 Un lieu occupé par les Prussiens en 1815
15%
Coatascorn
7%
Aucun quiz correspondant
Distribution des résultats
% des personnes avec chaque résultat
Percentile par nombre de réponses
Votre historique - résultats
Vous n’avez pas pris ce quiz